Nemecké toponymá na Slovensku, v Čechách a na Morave a ich historické súvislosti
Príspevok sa zaoberá nemeckými miestopisnými názvami v krajinách bývalého Československa. Stručne zhŕňa historickú kauzalitu tohto javu, pripomína prvú vlnu nemeckej kolonizácie v dobe vrcholného stredoveku a ďalší vývoj oblastí s nemecky hovoriacim obyvateľstvom Slovenska a českých krajín v habsbur...
Saved in:
| Main Author: | |
|---|---|
| Format: | Book Chapter |
| Language: | Slovak |
| Subjects: | |
| Tags: |
No Tags, Be the first to tag this record!
|
MARC
| LEADER | 00000nla a2200000 4500 | ||
|---|---|---|---|
| 001 | 0181756 | ||
| 005 | 20240502073122.6 | ||
| 041 | 0 | |a slo | |
| 044 | |a SK | ||
| 245 | 1 | 0 | |a Nemecké toponymá na Slovensku, v Čechách a na Morave a ich historické súvislosti |c Tomas Maier |
| 520 | |a Príspevok sa zaoberá nemeckými miestopisnými názvami v krajinách bývalého Československa. Stručne zhŕňa historickú kauzalitu tohto javu, pripomína prvú vlnu nemeckej kolonizácie v dobe vrcholného stredoveku a ďalší vývoj oblastí s nemecky hovoriacim obyvateľstvom Slovenska a českých krajín v habsburskej monarchii až po riešenie nemeckej otázky po II. svetovej vojne. Druhá časť príspevku je venovaná konkrétnym komentovaným príkladom nemeckých toponým, ich vysvetleniu so zasadením do širšieho historického rámca stredoeurópskych dejín, pričom v závere sa uvádzajú ich slovenské, české, príp. maďarské ekvivalenty. | ||
| 610 | 2 | 0 | |a jazyk odborný |
| 610 | 2 | 0 | |a zemepis |
| 610 | 2 | 0 | |a nemčina |
| 610 | 2 | 0 | |a Československo |
| 100 | 1 | |a Maier, Tomas, 1965- | |